| 000 | 01825cam a22004937a 4500 | ||
|---|---|---|---|
| 001 | 16128130 | ||
| 003 | OSt | ||
| 005 | 20140410091126.0 | ||
| 008 | 100310s2009 nyua j 000 1 eng d | ||
| 010 | _a 2010277177 | ||
| 020 | _a9780545103688 (pbk.) | ||
| 020 | _a0545103681 (pbk.) | ||
| 020 | _a9780606002301 (lib. bdg.) | ||
| 020 | _a0606002308 (lib. bdg.) | ||
| 035 | _a(OCoLC)ocn316034203 | ||
| 040 |
_aBTCTA _cBTCTA _dBRL _dIHY _dWIM _dOCLCQ _dZHX _dDLC |
||
| 041 | 1 |
_aeng _hita |
|
| 042 | _alccopycat | ||
| 050 | 0 | 0 |
_aPZ 7 _b.St857Ss 2009 |
| 082 | 0 | 0 | _a[Fic] |
| 130 | 0 |
_aLo strano caso del sorcio stonato. _lEnglish. _926097 |
|
| 245 | 1 | 0 |
_aSinging sensation / _cGeronimo Stilton ; [illustrations by Larry Keys Chiavini ... et al.]. |
| 260 |
_aNew York : _bScholastic, _cc2009. |
||
| 300 |
_a107 p. : _bcol. ill. ; _c20 cm. |
||
| 490 | 1 |
_aGeronimo Stilton ; _v#39 |
|
| 520 | _aGeronimo Stilton participates in the New Mouse City Song Festival, after his friend Champ Strongpaws enters him. | ||
| 521 | 1 | _aG3 | |
| 526 | _c560 | ||
| 546 | _aEnglish translation ... by Atlantyca S.p.A."--T.p. verso. | ||
| 562 | _eFor circulation. 1 copy in the collection | ||
| 650 | 0 |
_aStilton, Geronimo (Fictitious character) _vJuvenile fiction. _926098 |
|
| 650 | 0 |
_aMice _vJuvenile fiction. _926099 |
|
| 650 | 0 |
_aMusic _xPerformance _vJuvenile fiction. _926100 |
|
| 650 | 1 |
_aMice _vFiction. _926101 |
|
| 650 | 1 |
_aMusic _xPerformance _vFiction. _926102 |
|
| 650 | 1 |
_aHumorous stories. _93831 |
|
| 700 | 1 |
_aChiavini, Larry Keys, _eill. _926103 |
|
| 830 | 0 |
_aGeronimo Stilton ; _v#39. _926104 |
|
| 906 |
_a7 _bcbc _ccopycat _d2 _encip _f20 _gy-gencatlg |
||
| 942 |
_2lcc _cBK |
||
| 999 |
_c34098 _d34098 |
||